00849nam a2200265 4500003000400000005001700004008004100021020001500062040001800077050002000095100002100115240003200136245011800168264003800286300002500324336002200349337002400371338002400395490003600419650001500455700002800470700005700498942001100555999001700566OSt20260601193842.0260421b1979 sp |||| |||| 00| 0 spa d a8425209609 aICIbspacICI aQH541bB66 1979 aBosquet, Michel, 1aEcole et libertelEspañol 1aEcologia y libertad :bTécnica, técnicos y lucha de clases /cMichel bosquet ; vers. castellana de Joan giner bGustavo Gili,cc1979aBarcelona : a138 páginasc20 cm atexto2rdacontent asin medio2rdamedia avolumen2rdacarrier 0aColeccion tecnologia y sociedad aEcología aGiner, Joan,etraductor 1aBosquet, Michel.tEcole et liberteiTraducción de: 2lcccB c21473d21473